<?xml version="1.0" encoding="UTF-8"?>
<record
    xmlns:xsi="http://www.w3.org/2001/XMLSchema-instance"
    xsi:schemaLocation="http://www.loc.gov/MARC21/slim http://www.loc.gov/standards/marcxml/schema/MARC21slim.xsd"
    xmlns="http://www.loc.gov/MARC21/slim">

  <leader>02261cas a22004931i 4500</leader>
  <controlfield tag="001">zz2006960506</controlfield>
  <controlfield tag="003">NUKAT</controlfield>
  <controlfield tag="005">20260408190637.0</controlfield>
  <controlfield tag="008">060103d18731879pl mr|p|  |  |0   |0pol c</controlfield>
  <datafield tag="035" ind1=" " ind2=" ">
    <subfield code="a">(OCoLC)69302898</subfield>
  </datafield>
  <datafield tag="035" ind1=" " ind2=" ">
    <subfield code="a">(NUKAT)zz2006960506</subfield>
  </datafield>
  <datafield tag="040" ind1=" " ind2=" ">
    <subfield code="a">LUBL KUL/KG</subfield>
    <subfield code="c">LUBL KUL/KG</subfield>
    <subfield code="d">LUBL KUL/KGs</subfield>
    <subfield code="d">WA 732/AR</subfield>
  </datafield>
  <datafield tag="245" ind1="0" ind2="0">
    <subfield code="a">Apostolstwo Serca Jezusowego :</subfield>
    <subfield code="b">zwi&#x105;zek katolicki dla tryumfu Ko&#x15B;cio&#x142;a &#x15A;. i zbawienia dusz ludzkich.</subfield>
  </datafield>
  <datafield tag="246" ind1="1" ind2="5">
    <subfield code="a">Zbi&#xF3;r Intencyi Miesi&#x119;cznych Apostolstwa Serca Jezusowego</subfield>
  </datafield>
  <datafield tag="260" ind1=" " ind2=" ">
    <subfield code="a">Krak&#xF3;w :</subfield>
    <subfield code="b">nak&#x142;. ks. Micha&#x142; Mycielski,</subfield>
    <subfield code="c">1873-1879</subfield>
    <subfield code="e">(Krak&#xF3;w :</subfield>
    <subfield code="f">Druk W. Korneckiego).</subfield>
  </datafield>
  <datafield tag="300" ind1=" " ind2=" ">
    <subfield code="c">15 cm.</subfield>
  </datafield>
  <datafield tag="310" ind1=" " ind2=" ">
    <subfield code="a">Mies.</subfield>
  </datafield>
  <datafield tag="336" ind1=" " ind2=" ">
    <subfield code="a">Tekst</subfield>
    <subfield code="b">txt</subfield>
    <subfield code="2">rdacontent</subfield>
  </datafield>
  <datafield tag="337" ind1=" " ind2=" ">
    <subfield code="a">Bez urz&#x105;dzenia po&#x15B;rednicz&#x105;cego</subfield>
    <subfield code="b">n</subfield>
    <subfield code="2">rdamedia</subfield>
  </datafield>
  <datafield tag="338" ind1=" " ind2=" ">
    <subfield code="a">Wolumin</subfield>
    <subfield code="b">nc</subfield>
    <subfield code="2">rdacarrier</subfield>
  </datafield>
  <datafield tag="362" ind1="0" ind2=" ">
    <subfield code="a">1873 [nr 1]-1879 [nr 12].</subfield>
  </datafield>
  <datafield tag="380" ind1=" " ind2=" ">
    <subfield code="a">Czasopisma</subfield>
  </datafield>
  <datafield tag="500" ind1=" " ind2=" ">
    <subfield code="a">Opis na podst. Centralnego Katalogu Czasopism Polskich BN i 1874 (sierp.).</subfield>
  </datafield>
  <datafield tag="500" ind1=" " ind2=" ">
    <subfield code="a">Od r. 1878 dodatkowy podtyt.: intencya miesi&#x119;czna.</subfield>
  </datafield>
  <datafield tag="500" ind1=" " ind2=" ">
    <subfield code="a">W 1876 podtytu&#x142;: zwi&#x105;zek katolicki dla tryumfu Ko&#x15B;cio&#x142;a &#x15A;w. i zbawienia dusz ludzkich.</subfield>
  </datafield>
  <datafield tag="500" ind1=" " ind2=" ">
    <subfield code="a">Maj 1879 tyt. ok&#x142;.: Intencya Apostolstwa na Maj zarazem Pami&#x105;tka 800-letniej Rocznicy m&#x119;cze&#x144;stwa &#x15B;w. Stanis&#x142;awa Biskupa.</subfield>
  </datafield>
  <datafield tag="515" ind1=" " ind2=" ">
    <subfield code="a">Paginacja ci&#x105;g&#x142;a w obr&#x119;bie roku ; Brak numeracji mies.</subfield>
  </datafield>
  <datafield tag="610" ind1="2" ind2="7">
    <subfield code="a">Apostolstwo Modlitwy</subfield>
    <subfield code="v">czasopisma.</subfield>
    <subfield code="2">kaba</subfield>
    <subfield code="9">39686</subfield>
  </datafield>
  <datafield tag="650" ind1=" " ind2="7">
    <subfield code="a">Duchowo&#x15B;&#x107; katolicka</subfield>
    <subfield code="2">DBN</subfield>
    <subfield code="9">37278</subfield>
  </datafield>
  <datafield tag="650" ind1=" " ind2="7">
    <subfield code="a">Kult</subfield>
    <subfield code="2">DBN</subfield>
    <subfield code="9">39604</subfield>
  </datafield>
  <datafield tag="650" ind1=" " ind2="7">
    <subfield code="a">Serce Jezusa</subfield>
    <subfield code="2">DBN</subfield>
    <subfield code="9">39605</subfield>
  </datafield>
  <datafield tag="650" ind1=" " ind2="7">
    <subfield code="a">Naj&#x15B;wi&#x119;tsze Serce Jezusa</subfield>
    <subfield code="x">kult</subfield>
    <subfield code="v">czasopisma.</subfield>
    <subfield code="2">kaba</subfield>
    <subfield code="9">39685</subfield>
  </datafield>
  <datafield tag="655" ind1=" " ind2="7">
    <subfield code="a">Czasopismo katolickie</subfield>
    <subfield code="2">DBN</subfield>
    <subfield code="9">36110</subfield>
  </datafield>
  <datafield tag="655" ind1=" " ind2="7">
    <subfield code="a">Czasopismo polskie</subfield>
    <subfield code="2">DBN</subfield>
    <subfield code="9">36111</subfield>
  </datafield>
  <datafield tag="658" ind1=" " ind2=" ">
    <subfield code="a">Religia i duchowo&#x15B;&#x107;</subfield>
  </datafield>
  <datafield tag="700" ind1="1" ind2=" ">
    <subfield code="a">Mycielski, Micha&#x142;</subfield>
    <subfield code="d">(1826-1906).</subfield>
    <subfield code="e">Wyd.</subfield>
    <subfield code="9">38982</subfield>
  </datafield>
  <datafield tag="710" ind1="2" ind2=" ">
    <subfield code="a">Apostolstwo Modlitwy.</subfield>
    <subfield code="9">39684</subfield>
  </datafield>
  <datafield tag="780" ind1="0" ind2="0">
    <subfield code="t">Apostolstwo Serca Jezusowego czyli Zwi&#x105;zek Katolicki dla Triumfu Ko&#x15B;cio&#x142;a i Dusz Zbawienia</subfield>
    <subfield code="g">1872</subfield>
    <subfield code="w">(NUKAT)zz2006960505</subfield>
  </datafield>
  <datafield tag="785" ind1="0" ind2="0">
    <subfield code="t">Intencya Miesi&#x119;czna czyli Pos&#x142;aniec Apostolstwa Serca Jezusowego</subfield>
    <subfield code="g">1880-1903</subfield>
    <subfield code="w">(NUKAT)df2001002840</subfield>
  </datafield>
  <datafield tag="787" ind1="0" ind2=" ">
    <subfield code="t">Nabo&#x17C;e&#x144;stwo do &#x15A;wi&#x119;tego J&#xF3;zefa</subfield>
    <subfield code="x">xx005917642</subfield>
  </datafield>
  <datafield tag="942" ind1=" " ind2=" ">
    <subfield code="2">ddc</subfield>
    <subfield code="c">BK_NM</subfield>
  </datafield>
  <datafield tag="999" ind1=" " ind2=" ">
    <subfield code="c">27481</subfield>
    <subfield code="d">27481</subfield>
  </datafield>
  <datafield tag="952" ind1=" " ind2=" ">
    <subfield code="0">0</subfield>
    <subfield code="1">0</subfield>
    <subfield code="2">ddc</subfield>
    <subfield code="4">0</subfield>
    <subfield code="7">0</subfield>
    <subfield code="8">PBKH</subfield>
    <subfield code="a">BIP</subfield>
    <subfield code="b">PBKH</subfield>
    <subfield code="d">2026-04-08</subfield>
    <subfield code="e">K-55/1970</subfield>
    <subfield code="h">stycze&#x144; 1879</subfield>
    <subfield code="i">14267</subfield>
    <subfield code="l">0</subfield>
    <subfield code="o">14267</subfield>
    <subfield code="p">IPWK22112</subfield>
    <subfield code="r">2026-04-08 19:00:55</subfield>
    <subfield code="w">2026-04-08</subfield>
    <subfield code="y">BK_NM</subfield>
    <subfield code="z">wsp&#xF3;&#x142;oprawny z 14266</subfield>
  </datafield>
</record>
